Регионална библиотека "Любен Каравелов" - Русе

Съвременното българско оперно творчество (Запис номер 119153)

MARC детайли
000 -Лидер
Контролно поле с фиксирана дължина 02100nam a2200469 a 4500
003 - Код на организацията, давaща контролен номер
Контролно поле BLK
005 - Дата и час на последна редакция
Контролно поле 20241207151937.0
008 - Елементи от данни с фиксирана дължина
fixed length control field 180409b bul|||||r ||||||| ||bul||
010 ## - Наследен системен номер
LC control number KNG00124767000
040 ## - Източник на каталожния запис
Идентификатор на билиотеката - собственик на записа BLK
041 ## - Код за език
Код за езика на текст/звукозапис или на отделно заглавие Български
Код за езика КДБФ Български
080 ## - УДК
Текстов определител УДК Опера. Музикална драма. Романтична опера. Опера-приказка
УДК код - определител по УДК 782.1
УДК определител (497.2)
УДК - код + определител 782.1(497.2)
100 ## - Редна дума - Автор
Автор Сагаев, Любомир Константинов
Дати, свързани с автора 1917-2001
R(LIN) 376510
139 ## - Редно поле
Редна дума Сагаев, Любомир Константинов
Авторски знак Сав - С 13
245 10 - Сведения за заглавието
Заглавие Съвременното българско оперно творчество
Редно поле (дума) Любомир Константинов Сагаев.
257 ## - Страна на издаване
Страна на създаване/издаване България
260 ## - Област на издателските данни
Място на издаване, разпространение и проч. София
Име на издателя, разпространителя и проч. Наука и изкуство
Година на издаване 1974
300 ## - Физическа характеристика
Страници 228 с., 16 с.
Илюстрации и др. с ил.
Размери/Мащаб 20 см
380 ## - Жанр
Жанр Изкуство
600 14 - Име на лице, използвано като предмет
За него / За нея Стоянов, Веселин Анастасов
9 (RLIN) 309309
600 14 - Име на лице, използвано като предмет
За него / За нея Геров, Найден
9 (RLIN) 373791
600 14 - Име на лице, използвано като предмет
За него / За нея Димов, Иван Господинов
9 (RLIN) 316058
600 #0 - Име на лице, използвано като предмет
За него / За нея Сагаев, Димитър Константинов
Свързани дати 1915-2003
9 (RLIN) 261733
600 14 - Име на лице, използвано като предмет
За него / За нея Икономов, Боян Георгиев
9 (RLIN) 315190
600 #0 - Име на лице, използвано като предмет
За него / За нея Кюркчийски, Красимир Цветанов
Свързани дати 1936-2011
Титли или други наименования, свързани с автора изтъкнат български композитор и диригент
9 (RLIN) 387608
600 #0 - Име на лице, използвано като предмет
За него / За нея Пиронков, Симеон Симеонов
Свързани дати 1966-
9 (RLIN) 387479
600 #0 - Име на лице, използвано като предмет
За него / За нея Райчев, Александър Иванов
Свързани дати 1922-2003
9 (RLIN) 378936
600 #0 - Име на лице, използвано като предмет
За него / За нея Пипков, Любомир Панайотов
Свързани дати 1904-1974
9 (RLIN) 428881
650 #0 - Допълнително описание по предмет – тема
Основно описание – тема или топоним Опера - България
9 (RLIN) 269297
650 #4 - Допълнително описание по предмет – тема
Основно описание – тема или топоним Композитори, български
9 (RLIN) 241861
651 #4 - Допълнително описание по предмет - топоним
Географско понятие България
9 (RLIN) 241624
653 ## - Ключова дума – ненормативна
Ключова дума Опера
653 ## - Ключова дума – ненормативна
Ключова дума България
653 ## - Ключова дума – ненормативна
Ключова дума композитори
852 ## - Местоположение
Форматна сигнатура Цб 72238
856 4# - Електронен адрес и достъп
Електронен формат pdf - файл
856 4# - Електронен адрес и достъп
Електронен формат pdf - файл
999 ## - СИСТЕМНИ КОНТРОЛНИ НОМЕРА
Koha biblionumber 119153
Koha biblioitemnumber 119153
942 ## - АРТИКУЛИ
Вид на библиотечния материал Книги
Скрит в OPAC Не
Периодичен библиозапис Да
944 ## - СЪЗДАВАНЕ И РЕДАКЦИЯ на ЗАПИСА
Създаване/Редакция Създаване
Дата на регистрацията/редакция 11.08.2011
Статус, дата на статуса Геновева Генчева
Служител, извършил регистрацията/редакцията 30560
944 ## - СЪЗДАВАНЕ И РЕДАКЦИЯ на ЗАПИСА
Създаване/Редакция Редакция
Дата на регистрацията/редакция 2022-08-23
Служител, извършил регистрацията/редакцията ир
999 ## - СИСТЕМНИ КОНТРОЛНИ НОМЕРА
Koha biblioitemnumber 119153
Наличности
Код за отписване Код за изгубен артикул Източник на класификационната схема Код за повреда Коз за рестрикции Код за отдаване Артикулен № Име на библиотеката - собственик Име на библиотеката, в която се намира в момента Статус (Текущо местоположение) Дата на вписване в системата Местоположение - отдел Цена в лева Инвентарен номер Систематично азбучна сигнатура Баркод Номер на екземпляра Цена в евро Служебна бележка Служебен тип на артикула
  Не е изгубен Universal Decimal Classification Не е повреден без рестрикции заемане за дома 192239 Регионална библиотека "Любен Каравелов" Русе Регионална библиотека "Любен Каравелов" Русе Отдел Изкуство - подръчен фонд 1974-01-01 Отдел Изкуство - подръчен фонд 0.91 173255 782.1/С 13 120000173255 1 0.47 Дост: Pk Вид: Ф N: стар фонд Дата: 01.01.1974 Дата инв: 20.06.2012 Бележки инв: * Книги
Изтеглен Не е изгубен Universal Decimal Classification Не е повреден без рестрикции заемане за дома 192240 Регионална библиотека "Любен Каравелов" Русе Регионална библиотека "Любен Каравелов" Русе Отдел Изкуство - подръчен фонд 1974-01-01 Отдел Изкуство - подръчен фонд 0.91 173252 782.1/С 13 173252 2 0.47 Дост: Pk Вид: Ф N: стар фонд Дата: 01.01.1974 Дата инв: 04.04.2017 Бележки инв: ИП2017 Книги
Изтеглен Не е изгубен Universal Decimal Classification Не е повреден без рестрикции заемане за дома 192241 Регионална библиотека "Любен Каравелов" Русе Регионална библиотека "Любен Каравелов" Русе Отдел Изкуство - подръчен фонд 1974-01-01 Отдел Изкуство - подръчен фонд 0.91 173253 782.1/С 13 173253 3 0.47 Дост: Pk Вид: Ф N: стар фонд Дата: 01.01.1974 Дата инв: 04.04.2017 Бележки инв: ИП2017 Книги
  Не е изгубен Universal Decimal Classification Не е повреден само за читалня ползва се в читалня 192242 Регионална библиотека "Любен Каравелов" Русе Регионална библиотека "Любен Каравелов" Русе Хранилище 1974-01-01 Хранилище 0.91 167358 Цб 72238 120000167358 4 0.47 N: стар фонд Дата: 01.01.1974 Книги
Vip Innovations Ltd, Rousse, Bulgaria 2025